Plnenie konvergenčných kritérií vo vybraných štátoch Európskej únie bakalárska práca

Salvato in:
Dettagli Bibliografici
Autore principale: Konfederáková, Viktória
Ente Autore: Fakulta medzinárodných vzťahov EU. Katedra medzinárodných ekonomických vzťahov a hospodárskej diplomacie
Altri autori: Harakaľová, Ľubica, 1963-
Natura: Libro
Lingua:slovacco
Pubblicazione: Bratislava 2024
Tags: Aggiungi Tag
Nessun Tag, puoi essere il primo ad aggiungerne!!

MARC

LEADER 00000nbm a2200000 4500
001 0301814
005 20250225135901.6
041 0 |a slo 
044 |a SK 
245 1 0 |a Plnenie konvergenčných kritérií vo vybraných štátoch Európskej únie  |b bakalárska práca  |c Viktória Konfederáková ; školiteľ: Ľubica Harakaľová 
264 1 |a Bratislava  |c 2024 
300 |a 51 s. 
100 1 |a Konfederáková, Viktória 
700 1 |a Harakaľová, Ľubica, 1963- 
710 2 |a Fakulta medzinárodných vzťahov EU. Katedra medzinárodných ekonomických vzťahov a hospodárskej diplomacie